| 000 | 00605nam a2200241Ia 4500 | ||
|---|---|---|---|
| 003 | OSt | ||
| 005 | 20221005082221.0 | ||
| 006 | a|||||r|||| 00| 0 | ||
| 007 | ta | ||
| 008 | 221004b |||||||| |||| 00| 0 eng d | ||
| 024 | _a65936 | ||
| 037 | _cTextual | ||
| 040 |
_aCRL _cCRL _beng |
||
| 041 |
_2eng _aeng |
||
| 082 | _aV27731.N9, N4 | ||
| 100 |
_aKyndiah P R _9611674 |
||
| 245 | 0 | _aMizo freedom Fighters | |
| 260 |
_aNew Delhi _bSanchar _c1994 |
||
| 300 |
_a181p _ccm. |
||
| 650 | _aHISTORY | ||
| 942 |
_hV27731.N9, N4 _cTEXL _2cc |
||
| 999 |
_c988913 _d988913 |
||